OPAC | Catalogo Arcigay delle biblioteche LGBTQIA+

Il Catalogo di Arcigay delle Biblioteche LGBTQIA+ è un servizio fornito grazie alla collaborazione tra Arcigay nazionale e le associazioni locali aderenti al progetto che conservano e rendono pubbliche biblioteche a tema LGBTQIA+.

Saresti imbarazzato se ti dicessi che t'amo? / (Record no. 20354)

MARC details
000 -LEADER
campo di controllo lung. fissa 00903nam a22002657i 4500
001 - Numero di controllo
campo di controllo IT\ICCU\SBL\0108302
003 - Identificatore del numero di controllo
campo di controllo ItRI
005 - Data e orario dell'ultima transazione
campo di controllo 20260115232314.0
008 - Elementi di lunghezza fissa--Informazione generale
campo di controllo lung. fissa 910930s1969 it |||||| ||||| |||||c
015 ## - Numero della bibliografia nazionale
Fonte IT
Numero della bibliografia nazionale 6911363
040 ## - Fonte della catalogazione
Lingua della catalogazione ita
Agenzia che fa la trascrizione importazione bologna sebina
041 #7 - Codice di lingua
Codice di lingua del testo/traccia sonora o titolo separato ita
Fonte del codice ISO-639-2
082 ## - Numero di classificazione Decimale Dewey
Numero di classificazione 927
-- BIOGRAFIA. ARTISTI, MUSICISTI
Numero dell'edizione 16
082 ## - Numero di classificazione Decimale Dewey
Numero di classificazione 927
-- BIOGRAFIA. ARTISTI, MUSICISTI
Numero dell'edizione 17
100 1# - Accesso principale -- nome di persona
Nome di persona Baez, Joan
Numero del record di authority o numero standard IT\ICCU\RAVV\064368
Relazione: aut
240 10 - Titolo uniforme
Titolo uniforme Daybreak
-- IT\ICCU\SBL\0108303
9 (RLIN) Baez, Joan
245 10 - Formulazione del titolo
Titolo Saresti imbarazzato se ti dicessi che t'amo? /
Formulazione di responsabilità, ecc. Joan Baez.
260 ## - Pubblicazione, distribuzione, ecc. (stampa)
Luogo di pubblicazione, distribuzione, ecc. Milano :
Nome dell'editore, distributore, ecc. A. Mondadori,
Data di pubblicazione, distribuzione, ecc. 1969
300 ## - Descrizione fisica
Estensione 131 p. ;
Dimensioni 19 cm
500 ## - Nota generale
Nota generale Trad. A. Chiaruttini.
650 #7 - Accesso aggiunto di soggetto--termine topico
Termine topico o nome geografico come accesso Baez, Joan
Suddivisione generale Autobiografia
Fonte dell'intestazione o del termine scbi
700 1# - Accesso aggiunto--nome di persona
Nome di persona Chiaruttini, Aldo
Numero del record di authority o numero standard IT\ICCU\CFIV\011044
830 #2 - Accesso aggiunto di serie--titolo uniforme
Titolo uniforme L'immagine del presente ;
Numero del volume/designazione di sequenza 6
Numero del record di authority o numero standard IT\ICCU\RAV\0085655
942 ## - Dati aggiuntivi (Koha)
Fonte della classificazione o dello schema di collocazione (segnatura) Classificazione decimale Dewey
Tipo copia default (Koha) Libri
Nasconto in Opac No
Holdings
Status ritirato Status smarrito: Status danneggiato: Escluso dal prestito Biblioteca di appartenenza Biblioteca corrente Data di acquisti Numero d'inventario Totale prestiti Collocazione Codice a barre Data ultima revisione Prezzo effettivo da Tipo copia default (Koha) Nota pubblica
        BOLOGNA | Centro di Documentazione "Flavia Madaschi" Cassero LGBTQIA+ Center BOLOGNA | Centro di Documentazione "Flavia Madaschi" Cassero LGBTQIA+ Center 15/01/2026 8542   DOC 780.92 BAE BO8542 15/01/2026 15/01/2026 Libri 1 v.
Se cerchi informazioni su Arcigay, le puoi trovare nel nostro sito: www.arcigay.it